A rich harvest from the seeds of change (Record no. 65512)
[ view plain ]
| 000 -LEADER | |
|---|---|
| fixed length control field | 00966cam a2200277 4500 |
| 001 - CONTROL NUMBER | |
| control field | ABS63095 |
| 008 - FIXED-LENGTH DATA ELEMENTS--GENERAL INFORMATION | |
| fixed length control field | 000000n2000 000 0 eng u |
| 035 ## - SYSTEM CONTROL NUMBER | |
| System control number | (Sirsi) u109764 |
| 100 ## - MAIN ENTRY--PERSONAL NAME | |
| Personal name | Crates, E |
| 245 #2 - TITLE STATEMENT | |
| Title | A rich harvest from the seeds of change |
| 260 ## - PUBLICATION, DISTRIBUTION, ETC. | |
| Date of publication, distribution, etc. | 2000 |
| 490 ## - SERIES STATEMENT | |
| Series statement | Construction News |
| Volume/sequential designation | (6693) 23 November 2000, 24-30(5) |
| 520 ## - SUMMARY, ETC. | |
| Summary, etc. | Focus on the Movement for Innovation (M4I) demonstration projects. Looks at how knowledge sharing has helped construction companies develop their demonstration projects. Also discusses the future direction for the Construction Best Practice Programme. |
| 590 ## - LOCAL NOTE (RLIN) | |
| Local note | ABS |
| 650 ## - SUBJECT ADDED ENTRY--TOPICAL TERM | |
| Topical term or geographic name entry element | PARTNERING |
| 650 ## - SUBJECT ADDED ENTRY--TOPICAL TERM | |
| Topical term or geographic name entry element | KNOWLEDGE SHARING |
| 650 ## - SUBJECT ADDED ENTRY--TOPICAL TERM | |
| Topical term or geographic name entry element | EGAN REFORMS |
| 650 ## - SUBJECT ADDED ENTRY--TOPICAL TERM | |
| Topical term or geographic name entry element | EGAN REFORMS |
| 650 ## - SUBJECT ADDED ENTRY--TOPICAL TERM | |
| Topical term or geographic name entry element | BEST PRACTICE |
| 650 ## - SUBJECT ADDED ENTRY--TOPICAL TERM | |
| Topical term or geographic name entry element | CONSTRUCTION FIRMS |
| 650 ## - SUBJECT ADDED ENTRY--TOPICAL TERM | |
| Topical term or geographic name entry element | MOVEMENT FOR INNOVATION |
| 650 ## - SUBJECT ADDED ENTRY--TOPICAL TERM | |
| Topical term or geographic name entry element | DEMONSTRATION PROJECTS |
| 690 ## - LOCAL SUBJECT ADDED ENTRY--TOPICAL TERM (OCLC, RLIN) | |
| Topical term or geographic name as entry element | BUILT ENVIRONMENT |
| 700 ## - ADDED ENTRY--PERSONAL NAME | |
| Personal name | Thompson, R |
| 942 ## - ADDED ENTRY ELEMENTS (KOHA) | |
| Suppress in OPAC | 0 |
| Withdrawn status | Lost status | Source of classification or shelving scheme | Damaged status | Not for loan | Home library | Current library | Shelving location | Date acquired | Total Checkouts | Full call number | Barcode | Date last seen | Copy number | Price effective from | Koha item type |
|---|---|---|---|---|---|---|---|---|---|---|---|---|---|---|---|
| Dewey Decimal Classification | London | London | Journal article | 05/12/2000 | ABS63095 | 109764-1001 | 06/08/2019 | 1 | 06/08/2019 | Journal article |